00393nam a2200109Ia 4500008004100000245010300041260003900144260000900183650001800192650001500210856005800225170221s9999 xx 000 0 und d aChildren's Facebook Usage: Parental Awareness, Attitudes and Behavior Asnat Dor, Dana Weimann-Saks bStudies in Media and Communication c2016 xCommunication xMedia Arts uhttp://redfame.com/journal/index.php/smc/issue/view/4